[Event "PriFO Champ RUS 2012"]
[Site "Tolyatti RUS"]
[Date "2012.02.28"]
[Round "2.13"]
[White "Yandemirov,V"]
[Black "Korovin,Mikhail"]
[Result "0-1"]
[WhiteElo "2379"]
[BlackElo "2094"]

1.e4 e6 2.d4 d5 3.Nd2 Nc6 4.Ngf3 Nf6 5.e5 Nd7 6.Be2 f6 7.exf6 Qxf6 8.Nf1 Bd6
9.Ne3 O-O 10.O-O Qg6 11.g3 Nf6 12.Nh4 Qe8 13.f4 Ne7 14.c3 Bd7 15.a4 c5 16.Nf3 Nf5
17.Ne5 Ne4 18.Bf3 cxd4 19.cxd4 Rc8 20.Nxf5 exf5 21.Qb3 Bc6 22.Be3 Kh8 23.Rfc1 Bxe5
24.dxe5 d4 25.Bxe4 Bxe4 26.Rxc8 Qxc8 27.Bxd4 Rd8 28.Bf2 Rd3 29.Qb4 h6 30.Re1 Qc6
31.e6 Qxe6 32.Qxb7 Qg6 33.Qxa7 Qc6 34.Bd4 Qg6 35.Re3 Rd1+ 36.Kf2 Qg4 37.Bc3 Rh1
38.h4 Kh7 39.Qxg7+ Qxg7 40.Bxg7 Kxg7 41.Rb3 Kg6 42.Rb6+ Kh5 43.a5 Ra1 44.b4 Ra3
45.b5 Rxa5 46.Ke3 Ra3+ 47.Kd4 Rxg3 48.Re6 Rb3 49.Kc5 Kxh4  0-1

[Event "32nd TCh-IND 2012"]
[Site "Panaji IND"]
[Date "2012.03.01"]
[Round "5"]
[White "Karthikeyan,M2"]
[Black "Kamble,V"]
[Result "0-1"]
[WhiteElo "2225"]
[BlackElo "2458"]

1.e4 e6 2.d4 d5 3.Nd2 Nc6 4.Ngf3 Nf6 5.e5 Nd7 6.Be2 Be7 7.Nf1 f6 8.exf6 Nxf6
9.Ng3 Bd6 10.O-O O-O 11.Re1 e5 12.dxe5 Nxe5 13.Bg5 Neg4 14.Bxf6 Nxf6 15.c4 Kh8
16.cxd5 Bb4 17.Rf1 Qxd5 18.Qxd5 Nxd5 19.Bc4 Be6 20.a3 Ba5 21.Ne4 Bg8 22.Rac1 Rf4
23.Nc5 Raf8 24.b4 Bb6 25.Nd7 Rc8 26.Bxd5 Bxd5 27.Nxb6 axb6 28.Rfd1 Rc4 29.Ne5 Rxc1
30.Rxc1 b5 31.Nd7 Rd8 32.Nc5 b6 33.Nd3 Bb3 34.Ne5 c5 35.f4 Rd5 36.Kf2 g6
37.Rc3 c4 38.Nf3 Rd8 39.Ke3 Ra8 40.Nd4 Rxa3 41.Nxb5 Ra4 42.Nd6 Rxb4 43.Kd4 Kg7
44.g4 Ra4 45.Nxc4 Ba2 46.Kd3 b5 47.Nd6 Rxf4 48.Nxb5 Rxg4 49.Ke3 Rg2 50.h3 Be6
51.Kf4 Rh2 52.Nd4 Bxh3 53.Rc7+ Kh6 54.Rc1 Bg2 55.Kg3 Rh1 56.Rc7 Bd5 57.Rd7 Ba2
58.Nf3 Rc1 59.Ne5 Be6 60.Re7 Bc8 61.Ra7 Rc3+ 62.Kf2 Rc5 63.Nf7+ Kh5 64.Nd6 h6
65.Ra8 Bg4 66.Ra1 g5 67.Ne4 Rc6 68.Kg3 Bf5 69.Nf2 Rc3+ 70.Kg2 Bd7 71.Rd1 Bc6+
72.Kh2 Bf3 73.Rg1 Kh4 74.Rg3 g4 75.Nxg4 Rc2+ 76.Nf2 Rxf2+ 77.Kg1 Rf1+  0-1

[Event "Tel Aviv GM"]
[Site "Tel Aviv ISR"]
[Date "2012.03.01"]
[Round "4"]
[White "Plaskett,J"]
[Black "Haimovich,T"]
[Result "1-0"]
[WhiteElo "2480"]
[BlackElo "2408"]

1.e4 e6 2.d4 d5 3.Nd2 Nc6 4.Ngf3 Nf6 5.e5 Nd7 6.Bd3 Be7 7.O-O O-O 8.Re1 f6
9.exf6 Bxf6 10.Rxe6 Nxd4 11.Nxd4 Bxd4 12.Qh5 Bxf2+ 13.Kh1 Qh4 14.Qxd5 c6
15.Rxc6+ Kh8 16.Rxc8 Raxc8 17.Qxd7 Rcd8 18.Qh3 Rde8 19.Ne4 Rxe4 20.Bxe4 Qxe4
21.Bd2 Be1 22.Be3 Rf1+ 23.Bg1 Qxc2 24.Qe3 h6 25.Rxe1 Rxe1 26.Qxe1 Qxb2 27.Qe8+ Kh7
28.Qe4+ Kh8 29.a4 a6 30.a5 Qb5 31.Qe1 Qd5 32.h3 g5 33.Bh2 Kh7 34.Qe7+ Kg6
35.Be5 Kf5 36.Bg7 Qxa5 37.Qf6+ Ke4 38.Qf3+  1-0

[Event "PriFO Champ RUS 2012"]
[Site "Tolyatti RUS"]
[Date "2012.03.01"]
[Round "4.26"]
[White "Mikheev,S"]
[Black "Yapparov,T"]
[Result "0-1"]
[WhiteElo "2259"]
[BlackElo "2170"]

1.e4 e6 2.d4 d5 3.Nd2 a6 4.Ngf3 Nf6 5.e5 Nfd7 6.Bd3 c5 7.c3 Nc6 8.Nf1 Qb6
9.Bb1 cxd4 10.cxd4 Bb4+ 11.Ke2 f6 12.a3 fxe5 13.axb4 e4 14.N1d2 Nf6 15.Ne5 Nxd4+
16.Ke1 Qd6 17.Ng4 O-O 18.Nxf6+ Rxf6 19.Nb3 Nxb3 20.Qxb3 Bd7 21.Bd2 Bb5 22.Qg3 e5
23.Ba2 Raf8 24.Bc3 Rxf2 25.Qxf2 Rxf2 26.Kxf2 Kh8 27.Rhe1 Qb6+ 28.Kg3 Qg6+
29.Kf2 d4 30.Bd5 Bd3 31.Bd2 e3+ 32.Bxe3 dxe3+ 33.Rxe3 e4 34.Rae1 Qb6 35.Kg1 h6
36.Bf7 Kh7 37.h4 h5 38.Bxh5 Qxb4 39.Bf7 b5 40.Kh1 Qxb2 41.Bd5 a5 42.Bxe4+ Bxe4
43.Rxe4 a4 44.Re7 a3 45.R1e2 Qc1+ 46.Kh2 b4 47.Ra7 b3 48.Ree7 Qb2 49.Reb7 a2
50.h5 Qe5+ 51.g3 Qxh5+ 52.Kg2 Qd5+ 53.Kh2 Qxb7  0-1

[Event "83rd ch-GER 2012"]
[Site "Osterburg GER"]
[Date "2012.03.03"]
[Round "2"]
[White "Meissner,F"]
[Black "Andre,G"]
[Result "1/2-1/2"]
[WhiteElo "2258"]
[BlackElo "2384"]

1.e4 e6 2.d4 d5 3.Nd2 a6 4.Ngf3 c5 5.dxc5 Bxc5 6.Bd3 Nf6 7.O-O Nc6 8.a3 Be7
9.Qe2 O-O 10.b4 b6 11.e5 Ne8 12.Bb2 Bb7 13.Nb3 Nc7 14.Nfd4 a5 15.c3 Qd7 16.f4 g6
17.Nxc6 Bxc6 18.Nd4 Ba4 19.Rae1 Rae8 20.Bc1 f5 21.Kh1 Kh8 22.g4 Bh4 23.Bd2 Bxe1
24.Bxe1 Qe7 25.Qg2 axb4 26.axb4 Bd1 27.h3 Ra8 28.Bg3 Ba4 29.Qf2 Qd7 30.Qe2 Qe7
31.Qf2 Qd7 32.Qe2 Qe7 33.Qf2  1/2-1/2

[Event "TCh-BEL 2011-12"]
[Site "Belgium BEL"]
[Date "2012.03.04"]
[Round "9.5"]
[White "Zozulia,A"]
[Black "Kern,G"]
[Result "1/2-1/2"]
[WhiteElo "2377"]
[BlackElo "2355"]

1.d4 e6 2.e4 d5 3.Nd2 Nc6 4.Ngf3 Nf6 5.e5 Nd7 6.c3 f6 7.exf6 Qxf6 8.Be2 Bd6
9.Nf1 O-O 10.Ne3 Nb6 11.Ng4 Qf5 12.h3 e5 13.dxe5 Nxe5 14.Nfxe5 Bxe5 15.Bd3 Qe6
16.O-O Bf4 17.Bxf4 Rxf4 18.Qc2 g6 19.Rfe1 Qd6 20.Ne5 Nd7 21.Qe2 c6 22.Rad1 Nxe5
23.Qxe5 Qxe5 24.Rxe5 Bd7 25.c4 Re8 26.Rxe8+ Bxe8 27.cxd5 cxd5 28.Bc2 Bc6
29.g3 Rc4 30.Rd2 Kf7 31.f4 Ke6 32.Kf2 Rb4 33.b3 Kd6 34.Ke3 a5 35.a3 Rb5 36.g4 Rc5
37.Kd4 b5 38.f5 gxf5 39.gxf5 b4 40.f6 Rc3 41.Rf2 Be8 42.axb4 axb4 43.Bd3 Bf7
44.Ra2 Rc6 45.Bxh7 Ke6 46.Ra4 Kxf6 47.Rxb4 Be6 48.h4 Rc1 49.Rb6 Rd1+ 50.Kc5 Ke5
51.h5 d4 52.Rb4 Rc1+  1/2-1/2

[Event "TCh-BEL 2011-12"]
[Site "Belgium BEL"]
[Date "2012.03.04"]
[Round "9.2"]
[White "Pliester,L"]
[Black "Hovhanisian,M"]
[Result "1/2-1/2"]
[WhiteElo "2392"]
[BlackElo "2496"]

1.e4 e6 2.d4 d5 3.Nd2 a6 4.c3 c5 5.Ngf3 cxd4 6.cxd4 dxe4 7.Nxe4 Bb4+ 8.Nc3 Nc6
9.Bd3 Nf6 10.O-O Be7 11.a3 O-O 12.Re1 b5 13.Bb1 Bb7 14.Qd3 Na5 15.Bg5 g6
16.Bh6 Re8 17.Ne5 Bf8 18.Bxf8 Rxf8 19.Ba2 Nc6 20.Rad1 Ne7 21.Qg3 Kg7 22.Nd3 Bd5
23.Nxd5 exd5 24.Qe5 Re8 25.Nc5 Nc6 26.Qf4 Qa5 27.Re3 Rxe3 28.fxe3 Qd8 29.Rf1 Qe7
30.Rf3 a5 31.g4 h6 32.g5 hxg5 33.Qxg5 Rh8 34.Bxd5 Nd8 35.Nd7 Nxd5 36.Qxd5 Rh5
37.Ne5 f6 38.Nc6 Qc7 39.Qxd8 Qxh2+ 40.Kf1 Qh1+ 41.Ke2 Rh2+ 42.Rf2 Rxf2+ 43.Kxf2 Qxc6
44.Qe7+ Kh6 45.Qf8+ Kh7 46.Qc5 Qd7 47.e4 Qg4 48.Qe7+ Kh6 49.d5 Qf4+ 50.Ke2 Qg4+
51.Kf2 Qf4+ 52.Ke2 Qg4+ 53.Kf2  1/2-1/2

[Event "Tel Aviv GM"]
[Site "Tel Aviv ISR"]
[Date "2012.03.04"]
[Round "6"]
[White "Godena,M"]
[Black "Soffer,R"]
[Result "1/2-1/2"]
[WhiteElo "2533"]
[BlackElo "2494"]

1.e4 e6 2.d4 d5 3.Nd2 Be7 4.Ngf3 Nf6 5.Bd3 c5 6.e5 Nfd7 7.c3 b6 8.Qe2 a5
9.a4 Ba6 10.Bxa6 Nxa6 11.O-O Qc7 12.Re1 Qc6 13.Nf1 h6 14.Ng3 g6 15.Be3 c4
16.Qd2 Bf8 17.h3 O-O-O 18.Nh2 Kb7 19.Ng4 h5 20.Nh2 Rc8 21.Nf3 Rh7 22.Ng5 Rg7
23.Nf3 Rh7 24.Bg5 Nc7 25.Ne2 Ne8 26.Qf4 Ka7 27.g3 Qc7 28.Kg2 Nb8 29.Rh1 Nc6
30.Qd2 Ne7 31.Qc2 Qc6 32.Nf4 Nf5 33.Rab1 Rh8 34.Rbe1 Qc7 35.Ne2 Be7 36.Qd2 Bxg5
37.Qxg5 Qd7 38.Ra1 Rc7 39.Qf4 Qe7 40.Ng5 Rd7 41.Ng1 Nc7 42.N1f3 Ng7 43.Rhb1 Nge8
44.Re1 Ng7 45.Rh1 Nge8 46.Nd2 Ng7 47.Rae1 Rb8 48.Ra1 Rh8 49.Nb1 Qf8 50.Na3 Nf5
51.Nc2 Qh6 52.h4 Qf8 53.Rhb1 Qc8 54.Na3 Qa6 55.Nf3 Rb8 56.Ra2 Kb7 57.Nd2 Kc8
58.Qg5 Qb7 59.Nc2 Ne8 60.Kh2 Qc7 61.Na3 Qd8 62.Qf4 Nc7 63.b3 cxb3 64.Rxb3 Kb7
65.Rab2 Ka7 66.Nf3 Re7 67.Qc1 Qe8 68.Qb1 Qc6 69.Ne1 Ree8 70.Nb5+ Nxb5 71.Rxb5 Rb7
72.Nd3 Ree7 73.R2b3 Rec7 74.Qb2 Ne7 75.Qa3 Nc8 76.Qf8 Qc4 77.Nc5 bxc5 78.Rxa5+ Kb8
79.Rxb7+ Kxb7 80.Rb5+ Ka6 81.Rxc5 Qe2 82.Rxc7 Qxf2+  1/2-1/2

[Event "FSIM March 2012"]
[Site "Budapest HUN"]
[Date "2012.03.07"]
[Round "5"]
[White "Farago,S"]
[Black "Kantor,G"]
[Result "1-0"]
[WhiteElo "2296"]
[BlackElo "2316"]

1.e4 e6 2.d4 d5 3.Nd2 Be7 4.e5 c5 5.c3 Nc6 6.Nb3 cxd4 7.cxd4 a5 8.a4 Bb4+
9.Bd2 Qb6 10.Bb5 Bxd2+ 11.Qxd2 Ne7 12.Nf3 O-O 13.O-O Bd7 14.Nc5 Rfd8 15.Ra3 Be8
16.Rb3 Nb4 17.Bd3 h6 18.Bb1 Rac8 19.Ne1 Nec6 20.Rg3 Nxd4 21.Qxd4 Qxc5 22.Qh4 Kf8
23.Qg4 g6 24.Qh4 d4 25.Qxh6+ Ke7 26.Qg7 Kd7 27.Nd3 Nxd3 28.Bxd3 Kc7 29.Rxg6 Kb8
30.Rg3 Qb4 31.h4 Bxa4 32.h5 Qd2 33.Qxf7 Rc1 34.Qxe6 Rxf1+ 35.Bxf1 Rc8  1-0

[Event "28th Cappelle Open"]
[Site "Cappelle la Grande FRA"]
[Date "2012.03.09"]
[Round "8.32"]
[White "Popovic,Du"]
[Black "Gara,A"]
[Result "1-0"]
[WhiteElo "2561"]
[BlackElo "2341"]

1.d4 e6 2.e4 d5 3.Nd2 Nc6 4.Ngf3 Nf6 5.e5 Nd7 6.Bd3 f6 7.Ng5 Ndxe5 8.dxe5 fxg5
9.Qh5+ g6 10.Bxg6+ Kd7 11.c4 Nxe5 12.Bc2 Qf6 13.O-O Bd6 14.b4 Bxb4 15.Rb1 Bd6
16.Bb2 Qf4 17.Rbd1 Rf8 18.Qxh7+ Rf7 19.Qh5 Qg4 20.Qxg4 Nxg4 21.h3 Nh6 22.cxd5 exd5
23.Nf3 g4 24.Ng5 Rf4 25.Rxd5 b6 26.Rfd1 Bb7 27.Rxd6+ cxd6 28.Be5 Rc4 29.Bb3 Re8
30.Rxd6+ Kc8 31.Bxc4 Rxe5 32.Rxh6 Rxg5 33.hxg4 b5 34.Be6+ Kc7 35.Bf5 Bd5
36.a3 a5 37.Ra6 Bb7 38.Re6 b4 39.axb4 axb4 40.f4 Rg8 41.Re2 Kd6 42.g5 Bd5
43.g6 Rf8 44.g4 Rh8 45.Be4 Bc4 46.Rc2 Be6 47.Rd2+ Ke7 48.f5 Bc4 49.Rd4 Be2
50.Bd5 Kf6 51.g5+ Ke5 52.g7 Rb8 53.Rd2  1-0

[Event "European Ind w 2012"]
[Site "Gaziantep TUR"]
[Date "2012.03.09"]
[Round "7"]
[White "Tsiganova,M"]
[Black "Mammadova,G"]
[Result "0-1"]
[WhiteElo "2185"]
[BlackElo "2324"]

1.e4 e6 2.d4 d5 3.Nd2 Nc6 4.Ngf3 Nf6 5.e5 Nd7 6.Nb3 a5 7.a4 b6 8.Bb5 Na7
9.Be2 Be7 10.Bb5 Bf8 11.Be2 Be7 12.h4 c5 13.Bg5 Nc6 14.Bxe7 Qxe7 15.Bb5 Bb7
16.c3 O-O 17.Nc1 f6 18.exf6 Nxf6 19.O-O Ne4 20.Nd3 c4 21.Bxc6 Bxc6 22.Nde5 Be8
23.Re1 Rc8 24.Re3 Qf6 25.b3 Nd6 26.bxc4 Nf5 27.Re2 dxc4 28.g3 Ne7 29.Ng5 Nd5
30.Qc2 Qf5 31.Ne4 Qh3 32.Nd6 Rc7 33.Ndxc4 Bh5 34.Re4 Rxc4 35.g4 Rxc3 36.Qd2 Bg6
37.Nxg6 hxg6 38.Rc1 Rcf3  0-1

[Event "36th Blackpool Open"]
[Site "Blackpool ENG"]
[Date "2012.03.10"]
[Round "2"]
[White "Milson,Samuel A"]
[Black "Kvisvik,B"]
[Result "0-1"]
[WhiteElo "2047"]
[BlackElo "2304"]

1.e4 e6 2.d4 d5 3.Nd2 Be7 4.c3 Nf6 5.e5 Nfd7 6.Bd3 c5 7.Ne2 Nc6 8.O-O g5
9.f4 cxd4 10.cxd4 Qb6 11.Nb3 gxf4 12.Kh1 Kd8 13.Nxf4 a5 14.a4 Nxd4 15.Be3 Qxb3
16.Bxd4 Qxd1 17.Raxd1 Bc5 18.Bb5 Bxd4 19.Rxd4 Ke7 20.Nd3 f5 21.g4 Nb6 22.Nc5 Rf8
23.gxf5 exf5 24.Rh4 Rf7 25.Rh6 Nc4 26.Bxc4 dxc4 27.e6 Rg7 28.Rxf5 b6 29.Ne4 Bb7
30.Rh4 Rd8 31.h3 Rd2 32.Rff4 Rxb2 33.Rhg4 Rxg4 34.Rxg4 Kxe6 35.Kg1 Bxe4 36.Rxe4+ Kd5  0-1

[Event "TCh-FIN SM-Liiga 2011-12"]
[Site "Helsinki FIN"]
[Date "2012.03.10"]
[Round "10.7"]
[White "Kivijarvi,J"]
[Black "Halmeenmaki,T"]
[Result "1/2-1/2"]
[WhiteElo "2229"]
[BlackElo "2166"]

1.e4 e6 2.d4 d5 3.Nd2 Be7 4.e5 b6 5.Qg4 g6 6.Nb3 Ba6 7.Bxa6 Nxa6 8.Qe2 Nb8
9.Nf3 h5 10.h4 c6 11.Bg5 Nh6 12.O-O Nf5 13.g3 Bxg5 14.Nxg5 Qc8 15.Qd2 Qa6
16.Qf4 Nd7 17.Rfc1 Qc4 18.Nf3 O-O 19.Nbd2 Qb4 20.Rab1 Rfc8 21.c4 a5 22.Rc3 a4
23.a3 Qf8 24.Nf1 b5 25.cxd5 cxd5  1/2-1/2

[Event "TCh-NED Meesterklasse 2011-12"]
[Site "Netherlands NED"]
[Date "2012.03.10"]
[Round "7.2"]
[White "Bok,B"]
[Black "Seirawan,Y"]
[Result "1/2-1/2"]
[WhiteElo "2488"]
[BlackElo "2652"]

1.e4 e6 2.d4 d5 3.Nd2 Be7 4.Ngf3 Nf6 5.e5 Nfd7 6.Bd3 c5 7.c3 Nc6 8.O-O c4
9.Bc2 b5 10.a3 Nb6 11.Ne1 Kd7 12.f4 f5 13.exf6 gxf6 14.f5 e5 15.dxe5 fxe5
16.Ne4 Kc7 17.f6 dxe4 18.fxe7 Qxd1 19.Bxd1 Nxe7 20.Bc2 Bf5 21.g3 Bg6 22.Ng2 Raf8
23.Rxf8 Rxf8 24.Nh4 Na4 25.Nxg6 hxg6 26.Bxe4 Nc5 27.Bc2 Nf5 28.Bg5 Ne6 29.Bd2 Rd8
30.Be1 Nc5 31.Bf2 Nd3 32.Rd1 a6 33.g4 Nh6 34.h3 Nf7 35.Be3 e4 36.Rf1 Nfe5
37.Rf6 Rd6 38.g5 Rxf6 39.gxf6 Kd7 40.b4 Ke6 41.Bd1 Kxf6 42.Kg2 Kf5 43.Kg3 g5
44.Bd4 Nf3 45.Be3 Nde5 46.a4 Nh4 47.axb5 axb5 48.Bd4 Ke6 49.Kf2 Nf5 50.Bb6 Nd3+
51.Kf1 Nf4 52.Bg4 Kf6 53.Ke1 Nd5 54.Bd8+ Kg6 55.Kd2 Nf6 56.Bd1 Nd5 57.Bg4 Nf4
58.Bc7 Nd3 59.Bh2 Nf4 60.Bg1 Kf6 61.Bb6 Ne6 62.Bg1 Ke5 63.Bb6 Nh6 64.Bh5 Nf5
65.Be8 Nd6 66.Bc6 Nf4 67.Bc7 Nxh3 68.Bxb5 g4 69.Bxc4 g3 70.Bf1 Nf4 71.b5 Nd5
72.b6 Ke6 73.Bxd6 Kxd6 74.b7 Kc7 75.Bg2 Nf6 76.Ke3 Kxb7 77.Kf4 Nh5+ 78.Kxe4  1/2-1/2

[Event "TCh-SVK Extraliga 2011-12"]
[Site "Slovakia SVK"]
[Date "2012.03.10"]
[Round "10.2"]
[White "Meszaros,Mi"]
[Black "Hausner,I"]
[Result "1/2-1/2"]
[WhiteElo "2377"]
[BlackElo "2407"]

1.d4 e6 2.e4 d5 3.Nd2 Be7 4.c3 c5 5.dxc5 Nf6 6.exd5 Qxd5 7.b4 a5 8.Ngf3 Nc6
9.Bc4 Qh5 10.Qb3 Nd5 11.Bxd5 Qxd5 12.a3 Bf6 13.c4 Qf5 14.Rb1 axb4 15.axb4 O-O
16.Bb2 e5 17.O-O e4 18.Ne1 Bxb2 19.Rxb2 Qe5 20.Rb1 Rd8 21.Qe3 f5 22.b5 Ne7
23.f4 Qd4 24.Qxd4 Rxd4 25.Rb2 Be6 26.c6 bxc6 27.b6 c5 28.Nb3 Rxc4 29.Nc2 Bd5
30.Ra1 Rb8 31.Na5 Rc3 32.Ra3 Rd3 33.Rxd3 exd3 34.Ne3 Be4 35.Rb5 d2 36.b7 Nd5
37.Nd1 Nxf4 38.Rxc5 Bxb7 39.Rxf5 Nd3 40.Nxb7 Rxb7 41.Rd5 Rb1 42.Rxd3 Rxd1+
43.Kf2 h5 44.h3 Kh7 45.Ke3  1/2-1/2

[Event "TCh-SWE 2011-12"]
[Site "Sweden SWE"]
[Date "2012.03.10"]
[Round "8"]
[White "Kotronias,V"]
[Black "Brynell,S"]
[Result "1-0"]
[WhiteElo "2593"]
[BlackElo "2491"]

1.e4 e6 2.d4 d5 3.Nd2 Nc6 4.Ngf3 Nf6 5.e5 Nd7 6.c3 f6 7.Bb5 fxe5 8.dxe5 Be7
9.Nd4 Nxd4 10.cxd4 O-O 11.Bd3 Rf7 12.Qh5 g6 13.Qe2 c5 14.O-O cxd4 15.f4 Nc5
16.Nf3 Qb6 17.Nxd4 Ne4 18.Be3 Bc5 19.Nc2 Bd7 20.Bxe4 dxe4 21.Bxc5 Qxc5+ 22.Qf2 Qxf2+
23.Rxf2 Raf8 24.Rd2 Bc6 25.g3 g5 26.fxg5 Rf5 27.Nd4 Rxe5 28.Nxc6 bxc6 29.Re1 Kg7
30.Kg2 Kg6 31.h4 Rf3 32.Rd7 Rf7 33.Rxf7 Kxf7 34.Kh3 Rb5 35.b3 Rb4 36.Kg4 a5
37.Rc1 a4 38.Rc4 Rxc4 39.bxc4 e5 40.Kh3  1-0

[Event "6th Agzamov Memorial"]
[Site "Tashkent UZB"]
[Date "2012.03.10"]
[Round "5"]
[White "Azarov,S"]
[Black "Khamrakulov,D"]
[Result "1-0"]
[WhiteElo "2667"]
[BlackElo "2452"]

1.e4 e6 2.d4 d5 3.Nd2 Be7 4.Bd3 c5 5.dxc5 Nf6 6.Qe2 a5 7.Ngf3 O-O 8.O-O Na6
9.e5 Nd7 10.c3 Naxc5 11.Bc2 Qc7 12.Nb3 f6 13.Nxc5 Bxc5 14.Bf4 fxe5 15.Bg3 Bd6
16.Rad1 Rf6 17.c4 e4 18.Bxd6 exf3 19.Qxe6+ Rxe6 20.Bxc7 Rc6 21.Bg3 Nb6 22.Rfe1 Rxc4
23.Bd3 Rc6 24.Re7 Kf8 25.Rde1 Bd7 26.gxf3 Rd8 27.Kg2 h6 28.h4 Nc8 29.R7e5 Rb6
30.h5 Re8 31.Bg6 Rxe5 32.Bxe5 Re6 33.f4 Re7 34.Kg3 Kg8 35.Re3 Bc6 36.Ra3 a4
37.b3 Nb6 38.Bd4 Nc8 39.bxa4 Nd6 40.a5 Nb5 41.Re3 Rxe3+ 42.fxe3 Nxd4 43.exd4 Kf8
44.Kg4 Bb5 45.Kf5 Bd3+ 46.Ke6 Bxg6 47.hxg6 h5 48.Kf5 Ke7 49.Kg5 h4 50.Kxh4 Kf6
51.Kg4 Kxg6 52.f5+ Kh6 53.Kf4 Kh5 54.f6  1-0

[Event "36th Blackpool Open"]
[Site "Blackpool ENG"]
[Date "2012.03.11"]
[Round "4"]
[White "Quillan,G"]
[Black "Brown,Mart"]
[Result "1/2-1/2"]
[WhiteElo "2412"]
[BlackElo "2183"]

1.e4 e6 2.d4 d5 3.Nd2 Be7 4.Ngf3 Nf6 5.e5 Nfd7 6.Bd3 c5 7.c3 Nc6 8.O-O g5
9.dxc5 g4 10.Nd4 Ndxe5 11.Bb5 Bd7 12.b4 Rg8 13.N2b3 Nxd4 14.Nxd4 Bxb5 15.Nxb5 a6
16.Nd4 Qd7 17.Qe2 Nc4 18.f4 Bf6 19.Rb1 Bxd4+ 20.cxd4 f5 21.Rb3 Rg6 22.Be3 Kf8
23.Rfb1 Qb5 24.Bf2 Na3 25.Re1 Qxe2 26.Rxe2 Nc4 27.a4 Ke8 28.Ra2 Kd7 29.Kf1 Kc7
30.Ke2 Kd7 31.Rb1 Rgg8 32.Kd3 Rgc8 33.Re2 Re8 34.Rbe1 a5 35.b5 Rac8 36.Bh4 b6
37.c6+ Kd6 38.Bf6 Rc7 39.Be5+ Nxe5+ 40.Rxe5 Rce7 41.Ke3 h5 42.h3 gxh3 43.gxh3 Rg8
44.Kf2 Rg6 45.Rg1  1/2-1/2

[Event "European Ind w 2012"]
[Site "Gaziantep TUR"]
[Date "2012.03.11"]
[Round "9"]
[White "Melia,S"]
[Black "Mkrtchian,L"]
[Result "1-0"]
[WhiteElo "2400"]
[BlackElo "2458"]

1.e4 e6 2.d4 d5 3.Nd2 Nc6 4.Ngf3 Nf6 5.e5 Nd7 6.c4 Be7 7.cxd5 exd5 8.Bb5 a6
9.Bxc6 bxc6 10.O-O O-O 11.Re1 a5 12.Nf1 c5 13.Ng3 c4 14.Nf5 Ra6 15.Nxe7+ Qxe7
16.Bg5 Qe6 17.Nh4 Re8 18.f4 Qb6 19.Nf5 Nf8 20.Ne3 Bb7 21.f5 c5 22.Nc2 cxd4
23.Qxd4 Bc8 24.g4 Qxd4+ 25.Nxd4 Rb6 26.Bd2 a4 27.Bc3 Nd7 28.Nf3 Nc5 29.Bd4 Rb5
30.Bxc5 Rxc5 31.Nd4 Bd7 32.e6 fxe6 33.fxe6 Bc8 34.Rac1 Rc7 35.Re5 Bb7 36.Rc3 g6
37.b4 Rce7 38.Kf2 Rf8+ 39.Rf3 Rxf3+ 40.Kxf3 Kf8 41.Kf4 Rc7 42.Re2 Ke7 43.Ke5 Bc6
44.Nxc6+ Rxc6 45.Kxd5 Rc8 46.b5 c3 47.Rc2 Rd8+ 48.Kc5 Rd2 49.Rxc3 Rxa2 50.b6 Rxh2
51.b7 Rb2 52.Kc6 Kxe6 53.g5 Rxb7 54.Kxb7 Kf5 55.Rc5+ Kg4 56.Kc6 a3 57.Ra5 a2
58.Kd5 Kxg5 59.Ke4+ Kg4 60.Rxa2 Kg3 61.Ra3+ Kg4 62.Ra1 Kg3 63.Ra6 g5 64.Rh6 g4
65.Rxh7 Kf2 66.Rf7+ Kg3 67.Rg7  1-0

[Event "European Ind w 2012"]
[Site "Gaziantep TUR"]
[Date "2012.03.11"]
[Round "9"]
[White "Bojkovic,N"]
[Black "Mammadova,G"]
[Result "0-1"]
[WhiteElo "2395"]
[BlackElo "2324"]

1.e4 e6 2.d4 d5 3.Nd2 Nc6 4.Ngf3 Nf6 5.e5 Nd7 6.Bd3 Nb4 7.Be2 c5 8.c3 Nc6
9.O-O cxd4 10.cxd4 f6 11.exf6 Nxf6 12.a3 Bd6 13.b4 a6 14.Bb2 Qc7 15.Bd3 O-O
16.Qe2 Bd7 17.Ne5 Be8 18.Rac1 Rc8 19.Bb1 Nxd4 20.Qe3 Nc6 21.Nxc6 bxc6 22.Qxe6+ Bf7
23.Qh3 Be5 24.Bxe5 Qxe5 25.Rfe1 Qf4 26.Qe3 Qd6 27.Qd4 a5 28.Nc4 Qd7 29.Nxa5 Rfe8
30.Rxe8+ Nxe8 31.Bd3 Nd6 32.Qc5 Be8 33.h3 Qe6 34.a4 Bd7 35.Nb3 Nf7 36.Qd4 Qh6
37.Re1 Ng5 38.Re3 Rf8 39.Nc5 Bxh3 40.f4 Ne6 41.Nxe6 Bxe6 42.g3 Bf5 43.Bxf5 Rxf5
44.Re8+ Rf8 45.Re7 g5 46.f5 Rxf5 47.a5 Qf8 48.Re1 Rf3 49.Qg4 h6 50.a6 Rf7
51.Qe6 Kg7 52.Qe5+ Kh7 53.Qd4 Qb8 54.Qd3+ Kg7 55.Qd4+ Kh7 56.Qd3+ Kg7 57.Qd4+ Kh7
58.Kg2 Qa7 59.Qd3+ Kg7 60.Re3 Qb6 61.Qd2 Qxa6 62.Qd4+ Kh7 63.Re1 Qa2+ 64.Kg1 Qb3
65.Kh2 Qf3 66.Rc1 Qf2+ 67.Qxf2 Rxf2+ 68.Kh3 Rf6 69.g4 Rf3+ 70.Kh2 Rf6 71.Kg3 Kg6  0-1

[Event "European Ind w 2012"]
[Site "Gaziantep TUR"]
[Date "2012.03.11"]
[Round "9"]
[White "Bronnikova,E"]
[Black "Alexanian,N"]
[Result "1-0"]
[WhiteElo "2252"]
[BlackElo "2114"]

1.e4 e6 2.d4 d5 3.Nd2 Be7 4.Bd3 c5 5.dxc5 Nf6 6.Qe2 Nc6 7.c3 Bxc5 8.Ngf3 e5
9.b4 Bd6 10.b5 Ne7 11.O-O O-O 12.exd5 Nexd5 13.Ne4 Nxe4 14.Qxe4 Nf6 15.Qh4 Re8
16.Bg5 e4 17.Bxe4 Rxe4 18.Qxe4 Nxe4 19.Bxd8 Nxc3 20.Ba5 Ne2+ 21.Kh1 b6 22.Rad1 Bc7
23.Bb4 Bg4 24.h3 Be6 25.Rd2 Nf4 26.Rc1 Bd8 27.Rcd1 Bf6 28.Bd6 Ng6 29.Nd4 Bd5
30.Nc6 Bc4 31.Be7 Bxe7 32.Nxe7+ Kf8 33.Nc6 f6 34.Rd8+ Rxd8 35.Rxd8+ Kf7 36.Rd7+ Kf8
37.Nxa7  1-0

[Event "TCh-HUN 2011-12"]
[Site "Paks HUN"]
[Date "2012.03.11"]
[Round "7"]
[White "Szuk,B"]
[Black "Fodor,T jr"]
[Result "1/2-1/2"]
[WhiteElo "2401"]
[BlackElo "2476"]

1.e4 e6 2.d4 d5 3.Nd2 Nc6 4.c3 e5 5.dxe5 dxe4 6.Qe2 Qe7 7.Nxe4 Nxe5 8.Bf4 f5
9.Nc5 Ng6 10.Qxe7+ Bxe7 11.Be3 Nf6 12.Nf3 b6 13.Bb5+ Kf8 14.Na6 Bxa6 15.Bxa6 Ng4
16.O-O Bd6 17.h3 N4e5 18.Nxe5 Nxe5 19.Rfe1 Rb8 20.a4 h5 21.Rad1 Kf7 22.Rd5 Ke6
23.Rd2 Kf7 24.Rd5 Ke6 25.Rd2 Kf7 26.Rde2 Kg6 27.Kf1 Nf7 28.Bd3 h4 29.Bd2 Ng5
30.f4 Nh7 31.Kf2  1/2-1/2

[Event "TCh-HUN 2011-12"]
[Site "Paks HUN"]
[Date "2012.03.11"]
[Round "7"]
[White "Nevednichy,V"]
[Black "Balog,I1"]
[Result "1/2-1/2"]
[WhiteElo "2540"]
[BlackElo "2552"]

1.e4 e6 2.d4 d5 3.Nd2 Nc6 4.Ngf3 Nf6 5.e5 Nd7 6.Nb3 f6 7.Bb5 Be7 8.exf6 Bxf6
9.O-O O-O 10.Bf4 Nb6 11.Bxc6 bxc6 12.Nc5 Nc4 13.b3 e5 14.Nxe5 Bxe5 15.Bxe5 Nxe5
16.dxe5 Qg5 17.e6 Qf6 18.Qe2 Rb8 19.Rae1 Qe7 20.Qe3 Rb5 21.Na4 Re8 22.f4 Qxe6
23.Qf2 Qf7 24.Qxa7 Rf8 25.Qd4 Bf5 26.c3 Ra5 27.Rf2 h5 28.Nc5 Qg6 29.a4 Raa8
30.b4 h4 31.a5 h3 32.Re3 Rae8 33.a6 Rxe3 34.Qxe3 Re8 35.Qd2 hxg2 36.Rxg2 Qh5
37.a7 Qh4 38.Rg3 Ra8 39.Qd4 Qe7 40.Re3 Qf7 41.Nb3 Bh7 42.Rg3 Qe7 43.Qe5 Qf7
44.Nd4 Rxa7 45.Nxc6 Ra1+ 46.Kf2 Ra2+ 47.Ke3 Ra8 48.Qxd5 Re8+ 49.Kd4 Re6 50.Qd8+ Re8
51.Qd5 Re6 52.Qd8+ Re8 53.Qd5  1/2-1/2

[Event "European Ind w 2012"]
[Site "Gaziantep TUR"]
[Date "2012.03.12"]
[Round "10"]
[White "Olsarova,K"]
[Black "Sedina,E"]
[Result "1/2-1/2"]
[WhiteElo "2189"]
[BlackElo "2353"]

1.e4 e6 2.d4 d5 3.Nd2 Nc6 4.Ngf3 Nf6 5.e5 Nd7 6.Bd3 f6 7.exf6 Qxf6 8.Nf1 e5
9.Ne3 Nb6 10.Bb5 exd4 11.Qxd4 Bd7 12.Qxf6 gxf6 13.Bd2 O-O-O 14.Bc3 Bb4 15.Bxb4 Nxb4
16.Bxd7+ Rxd7 17.a3 Nc6 18.O-O-O Ne5 19.Nd4 h5 20.Ndf5 c6 21.h3 Kc7 22.g4 hxg4
23.hxg4 Rxh1 24.Rxh1 d4 25.f4 Ng6 26.Ng2 Nd5 27.Rh6 Ndxf4 28.Nxf4 Nxf4 29.Rxf6 d3
30.cxd3 Nxd3+ 31.Kb1 Nf2 32.Nh6 Ne4 33.Re6 Ng5 34.Rg6 Rd5 35.Nf5 Ne4 36.Ng7 Kd7
37.Nh5 Re5 38.Kc2 c5 39.Nf4 c4 40.Rg7+ Kc6 41.Ng6 Rg5 42.Ne7+ Kc5 43.Rxg5+ Nxg5
44.Kd2 b5 45.Nf5 a5 46.Ke3 b4 47.axb4+ axb4 48.Nd4 Kd5 49.Ne2 Ke5 50.Nd4 Kd5
51.Ne2 Ne6 52.Nc1 Ng5  1/2-1/2

[Event "FSIM March 2012"]
[Site "Budapest HUN"]
[Date "2012.03.13"]
[Round "11"]
[White "Farago,S"]
[Black "Galyas,M"]
[Result "1-0"]
[WhiteElo "2296"]
[BlackElo "2445"]

1.e4 e6 2.d4 d5 3.Nd2 Be7 4.e5 c5 5.c3 Nc6 6.Nb3 c4 7.Nd2 f6 8.f4 Nh6 9.exf6 gxf6
10.Qh5+ Nf7 11.Ndf3 O-O 12.Nh3 Nd6 13.Nf2 Qe8 14.Qxe8 Rxe8 15.Be2 b5 16.O-O b4
17.cxb4 Nxb4 18.Bd2 Rb8 19.Rfc1 Ba6 20.Ne1 Nc6 21.Bc3 Nb5 22.Nc2 Bd8 23.Bh5 Re7
24.Nb4 Nxb4 25.Bxb4 Reb7 26.Bc3 Bb6 27.Rd1 Nxc3 28.bxc3 Ba5 29.Rac1 Rb2 30.Re1 Bc8
31.f5 e5 32.Ng4 Bxf5 33.Nh6+  1-0

[Event "European Ind w 2012"]
[Site "Gaziantep TUR"]
[Date "2012.03.13"]
[Round "11"]
[White "Szczepkowska Horowska,K"]
[Black "Mammadova,G"]
[Result "1-0"]
[WhiteElo "2369"]
[BlackElo "2324"]

1.e4 e6 2.d4 d5 3.Nd2 Nc6 4.Ngf3 Nf6 5.e5 Nd7 6.Nb3 a5 7.a4 b6 8.c3 Be7 9.Bd3 Ba6
10.Bxa6 Rxa6 11.O-O Ra8 12.Ne1 O-O 13.Qg4 f5 14.Qe2 Qc8 15.Bd2 Qa6 16.Nd3 Nd8
17.Qf3 b5 18.axb5 Qxb5 19.Nxa5 Rxa5 20.c4 dxc4 21.Rxa5 Qb3 22.Nf4 Qxb2 23.Bc3 Qb6
24.Rfa1 Qb3 25.d5 Nc5 26.dxe6 c6 27.Ra7 Ndb7 28.Qxc6 Qxc3 29.Nd5 Qxe5 30.Nxe7+ Kh8
31.Nd5 Nxe6 32.Qxb7 c3 33.Ne3 f4 34.Qd5 Qf6 35.Ng4 Qg6 36.Ne5 Qf5 37.Nf7+ Rxf7
38.Ra8+ Nf8 39.Rxf8+  1-0

[Event "ch-Moscow Final 2012"]
[Site "Moscow RUS"]
[Date "2012.03.14"]
[Round "5"]
[White "Losev,D"]
[Black "Mesropov,K"]
[Result "1-0"]
[WhiteElo "2315"]
[BlackElo "2424"]

1.e4 e6 2.d4 d5 3.Nd2 Nc6 4.Ngf3 Nf6 5.e5 Nd7 6.Be2 f6 7.exf6 Qxf6 8.Nf1 Bd6
9.Ne3 O-O 10.O-O Qg6 11.c4 Nf6 12.c5 Bf4 13.Nc2 e5 14.dxe5 Bxe5 15.Nxe5 Nxe5
16.Bf4 Re8 17.Rc1 c6 18.Nd4 Qf7 19.h3 Ng6 20.Bh2 Nh4 21.Bd3 Ne4 22.f3 Qg6
23.g4 Qh6 24.fxe4 Qe3+ 25.Rf2 Qxd4 26.exd5 Re1+ 27.Qxe1 Nf3+ 28.Kg2 Nxe1+
29.Rxe1 Bd7 30.Bc2 Qxc5 31.d6 Qd5+ 32.Kg1 c5 33.Re5 Qd4 34.Re4 Qd5 35.Re5 Qxa2
36.Re7 Re8 37.Be5  1-0